000 00345 a2200169 4500
001 182096
020 _a85-08-07129-9
040 _cMagnum
100 _aSabino, Fernando
240 1 0 _aAmor de Capitu
_lpor
245 1 0 _aAmor de Capitu
300 _a292
362 0 _a2004
440 1 _aÁtica
697 _aLITERATURA GERAL
942 _cBK
999 _c182096
_d182096